00222nam a2200097Ia 4500008004100000100001500041245002200056260002200078942000700100999001700107190216s9999||||xx |||||||||||||| ||und|| aVasukuttan 0aBhoomi Shashthram bKerala Basha Inst cBK c37773d37773